Catálogo
 En Linea

Cuentos premiados 1979 / (Registro nro. 21700)

Detalles MARC
000 -CABECERA
campo de control de longitud fija 01887nam a2200325 i 4500
001 - NÚMERO DE CONTROL
campo de control 000022202
003 - IDENTIFICADOR DEL NÚMERO DE CONTROL
campo de control DO-SdBNP
005 - FECHA Y HORA DE LA ÚLTIMA TRANSACCIÓN
campo de control 20250819112402.0
007 - CAMPO FIJO DE DESCRIPCIÓN FÍSICA--INFORMACIÓN GENERAL
campo de control de longitud fija ta
008 - DATOS DE LONGITUD FIJA--INFORMACIÓN GENERAL
campo de control de longitud fija 100920s1980 dr a 000 j spa d
040 ## - FUENTE DE LA CATALOGACIÓN
Centro catalogador/agencia de origen DO-SdBNP
Lengua de catalogación spa
Centro/agencia transcriptor BNPHU
Normas de descripción rda
041 ## - CÓDIGO DE LENGUA
Código de lengua del texto/banda sonora o título independiente spa
082 #4 - NÚMERO DE LA CLASIFICACIÓN DECIMAL DEWEY
Número de clasificación RD863.4408
Número de documento/Ítem P925c,1980
Número de edición 22
111 2# - ENTRADA PRINCIPAL--NOMBRE DE CONGRESO/REUNIÓN
Nombre de congreso/reunión o jurisdicción como elemento de entrada Premio Casa de Teatro
Número del congreso/reunión o número de parte o sección (3:
Fecha del congreso/reunión 1979:
Sede del congreso/Lugar de la reunión Santo Domingo)
9 (RLIN) 45936
245 00 - MENCIÓN DE TÍTULO
Título Cuentos premiados 1979 /
Mención de responsabilidad, etc. presentación, José Alcántara Almánzar.
264 #1 - PRODUCCIÓN, PUBLICACIÓN, DISTRIBUCIÓN, FABRICACIÓN Y COPYRIGHT
Producción, publicación, distribución, fabricación y copyright Santo Domingo :
Nombre del de productor, editor, distribuidor, fabricante Casa de Teatro,
Fecha de producción, publicación, distribución, fabricación o copyright 1980.
300 ## - DESCRIPCIÓN FÍSICA
Extensión 106 páginas :
Otras características físicas ilustraciones ;
Dimensiones 21 cm.
336 ## - TIPO DE CONTENIDO
Término de tipo de contenido texto
Código de tipo de contenido txt
Fuente rdacontent
337 ## - TIPO DE MEDIO
Nombre/término del tipo de medio sin mediación
Código del tipo de medio n
Fuente rdamedia
338 ## - TIPO DE SOPORTE
Nombre/término del tipo de soporte volumen
Código del tipo de soporte nc
Fuente rdacarrier
500 ## - NOTA GENERAL
Nota general Recopilación de los trabajos galardonados por el II premio Casa de Teatro
505 0# - NOTA DE CONTENIDO CON FORMATO
Nota de contenido con formato Presentación --
Título palabras del jurado en la entretga de premios del Tercer concurso de cuentos de Casa de Teatro /
Mención de responsabilidad José Alcántara Almánzar --
Título Los hitos /
Mención de responsabilidad Pedro Peix --
Título Ceremonia post-nupcial /
Mención de responsabilidad Arturo Rodríguez Fernández --
Título Mensiones honoríficas :
-- Las cosas suceden o no suceden /
Mención de responsabilidad Arturo Rodríguez Fernández --
Título Esa oscura jaula donde vuela a su placer el ruiseñor /
Mención de responsabilidad Pedro Peix --
Título El sonambulo /
Mención de responsabilidad Bonaparte Gautreaux --
Título Ya no llueve los lunes /
Mención de responsabilidad José Enrique García --
Título Tan solo unos lirios /
Mención de responsabilidad Mary Rosa Jiménez --
Título Quince años
-- Primer premio Manuel Rueda --
-- La bella nerudeana --
-- Siglo XX /
Mención de responsabilidad Inván García --
Título De Hombres y gallos
Mención de responsabilidad Manuel Rueda --
Título Responso para un cadavér sin flores --
-- Amanda/
Mención de responsabilidad Francisco Javier Prida Busto.
590 ## - NOTA LOCAL (RLIN)
Nota local Inventariado, 2020/VM
650 #4 - PUNTO DE ACCESO ADICIONAL DE MATERIA--TÉRMINO DE MATERIA
Término de materia o nombre geográfico como elemento de entrada Cuentos dominicanos
9 (RLIN) 503
650 #4 - PUNTO DE ACCESO ADICIONAL DE MATERIA--TÉRMINO DE MATERIA
Término de materia o nombre geográfico como elemento de entrada Literatura dominicana.
9 (RLIN) 67
700 1# - PUNTO DE ACCESO ADICIONAL--NOMBRE DE PERSONA
Nombre de persona Alcántara Almánzar, José,
Fechas asociadas al nombre 1946-
Término indicativo de función/relación presentación
9 (RLIN) 7018
710 ## - PUNTO DE ACCESO ADICIONAL--NOMBRE DE ENTIDAD CORPORATIVA
Nombre de entidad corporativa o nombre de jurisdicción como elemento de entrada Casa de Teatro (República Dominicana)
9 (RLIN) 26649
910 ## - DATOS DE OPCIÓN DEL USUARIO (OCLC)
Datos de opción del usuario Validado. Control de calidad MFF
942 ## - ELEMENTOS DE PUNTO DE ACCESO ADICIONAL (KOHA)
Fuente del sistema de clasificación o colocación Dewey Decimal Classification
Tipo de ítem Koha Libro
Existencias
Estado de retiro Estado de pérdida Fuente del sistema de clasificación o colocación Restricciones de uso No para préstamo Código de colección Localización permanente Ubicación/localización actual Ubicación en estantería Fecha de adquisición Total de préstamos Signatura topográfica completa Código de barras Fecha visto por última vez Precio válido a partir de Tipo de ítem Koha Fuente de adquisición Número de copia Nota pública
    Dewey Decimal Classification Préstamo en sala   Dominicana de Servicio Biblioteca Nacional Pedro Henríquez Ureña Biblioteca Nacional Pedro Henríquez Ureña Depósito 19.08.2025   BNPHU DS RD863.4408 P925c,1980 2025-8495 19.08.2025 19.08.2025 Libro Donado por Ilonka Nacidit Perdomo e.3  
    Dewey Decimal Classification Préstamo en sala   Dominicana de Servicio Biblioteca Nacional Pedro Henríquez Ureña Biblioteca Nacional Pedro Henríquez Ureña Depósito 19.08.2025   BNPHU DS RD863.4408 P925c,1980 2025-8496 19.08.2025 19.08.2025 Libro Donación e.4 Perteneció a la biblioteca personal de Mónica Despradel.
    Dewey Decimal Classification Excluido de préstamo Excluido de préstamo Patrimonio Dominicano Biblioteca Nacional Pedro Henríquez Ureña Patrimonio Dominicano Depósito 20.09.2010   BNPHU PD RD863.4408 P925c, 1980 22202-10 25.06.2020 25.06.2020 Libro      
    Dewey Decimal Classification Excluido de préstamo Préstamo restrigido Patrimonio Dominicano Biblioteca Nacional Pedro Henríquez Ureña Patrimonio Dominicano Depósito 20.03.2013   BNPHU PD RD863.4408 P925c, 1980 22202-20 25.06.2020 25.06.2020 Libro Compra e. 2  

Con tecnología Koha